xyz
Uložené v:
| Médium: | Kniha |
|---|---|
| Jazyk: | English |
| Tagy: |
Žiadne tagy, Buďte prvý, kto otaguje tento záznam!
|
MARC
| LEADER | 00000nam a22000003a 4500 | ||
|---|---|---|---|
| 001 | stu301160 | ||
| 005 | 20141123192646.9 | ||
| 008 | 141119s----------------------------eng-d | ||
| 040 | |a STU |b slo | ||
| 041 | 0 | |a eng | |
| 245 | |a xyz | ||
| 996 | |l I |s P |a 0 |w stu301160_0001 | ||